000 00730nam a22002297i 4500
003 URS
005 20220114152940.0
008 160319b xxu||||| |||| 00| 0 eng d
020 _a9712318373
040 _erda
_cURSP-College Library
_beng
050 _aDS675.8
_bAc5j 1995
100 1 _aAcibo, Libert Amorganda
245 _aJose P. Rizal: his life, works and role in the philippine revolution.
_cLibert Amorganda Acibo
264 _aManila
_bRex Book Store
_c1995
300 _av, 177 pages;
_bcolour illustration;
_c22 cm
336 _atext
_btxt
_2rdacontent
337 _aunmediated
_bn
_2rdamedia
338 _avolume
_bnc
_2rdacarrier
650 0 _aRizal, Jose Alonzo.
700 1 _aEstela Galicano-Adanza
942 _2lcc
_cF
999 _c7900
_d7900